Ādima. (Record no. 81155)

MARC details
000 -LEADER
fixed length control field 00469cam a22002051 4500
001 - CONTROL NUMBER
control field sa 68006190
003 - CONTROL NUMBER IDENTIFIER
control field DLC
005 - DATE AND TIME OF LATEST TRANSACTION
control field 20260227112514.0
008 - FIXED-LENGTH DATA ELEMENTS--GENERAL INFORMATION
fixed length control field 890227s1968 xx 000 0 ben
010 ## - LIBRARY OF CONGRESS CONTROL NUMBER
LC control number sa 68006190
035 ## - SYSTEM CONTROL NUMBER
System control number (OCoLC)23580521
040 ## - CATALOGING SOURCE
Original cataloging agency DLC
Transcribing agency MiU
Modifying agency DLC
042 ## - AUTHENTICATION CODE
Authentication code premarc
050 00 - LIBRARY OF CONGRESS CALL NUMBER
Classification number PK1730.29.O6
Item number A68
100 2# - MAIN ENTRY--PERSONAL NAME
Personal name Moqbul Ahmed, A. K.
245 10 - TITLE STATEMENT
Title Ādima.
260 ## - PUBLICATION, DISTRIBUTION, ETC.
Date of publication, distribution, etc. [1968]
300 ## - PHYSICAL DESCRIPTION
Extent 111 p.
Dimensions 22 cm.
500 ## - GENERAL NOTE
General note In Bengali.

No items available.

Powered by Koha